GETS Theological Seminary Library

基督教与中国文化处境 (Record no. 31321)

MARC details
000 -LEADER
fixed length control field 00691nam a2200217Ia 4500
008 - FIXED-LENGTH DATA ELEMENTS--GENERAL INFORMATION
fixed length control field 201124s9999||||xx |||||||||||||| ||und||
020 ## - INTERNATIONAL STANDARD BOOK NUMBER
International Standard Book Number 7802547202
020 ## - INTERNATIONAL STANDARD BOOK NUMBER
International Standard Book Number 9787802547209
041 ## - LANGUAGE CODE
Language code of text/sound track or separate title chi
050 ## - LIBRARY OF CONGRESS CALL NUMBER
Classification number BR1285
Item number .Z586 2013
100 ## - MAIN ENTRY--PERSONAL NAME
Personal name 卓新平
245 #0 - TITLE STATEMENT
Title 基督教与中国文化处境
Remainder of title /
Statement of responsibility, etc. 卓新平
246 ## - VARYING FORM OF TITLE
Title proper/short title 基督教與中國文化處境
260 ## - PUBLICATION, DISTRIBUTION, ETC.
Place of publication, distribution, etc. 北京:
Name of publisher, distributor, etc. 宗教文化出版社,
300 ## - PHYSICAL DESCRIPTION
Extent 4, 3, 14, 5, 236 p.
Other physical details ;
Dimensions 24 cm.
490 ## - SERIES STATEMENT
Series statement 基督教中国化研究丛书
650 ## - SUBJECT ADDED ENTRY--TOPICAL TERM
Topical term or geographic name entry element China -- Civilization -- Christian influences.
650 ## - SUBJECT ADDED ENTRY--TOPICAL TERM
Topical term or geographic name entry element Christianity and culture -- China.
650 ## - SUBJECT ADDED ENTRY--TOPICAL TERM
Topical term or geographic name entry element Christianity -- China -- History.
Holdings
Withdrawn status Lost status Damaged status Not for loan Home library Current library Shelving location Date acquired Total Checkouts Full call number Barcode Date last seen Date last checked out Price effective from Koha item type
        GETS Theological Seminary Library GETS Theological Seminary Library General Stacks 11/24/2020 1 BR1285 .Z586 2013 00018908 12/29/2022 11/29/2022 11/24/2020 Chinese Book
OpacCredits

Contact the Librarian, GETS Library
Email: library@mygets.org









Implemented by GETS Library
(Powered by ETCA Professional Group)
GETS Theological Seminary
412 E. Rowland Street, CA 91723